00788nam a2200229Ia 450000500170000000800410001702000150005804100080007308200180008110000220009924501420012125000220026330000260028565000330031165000290034465000320037326400300040533600270043533700330046233800280049504000350052320220316235540.0121119s1998 mx gr 000 0 spa  a95868245270 aspa04a657.42 bH31s1 aHicks, Douglas T.13aEl sistema de costos basado en las actividades (ABC) bguía para su implantación en pequeñas y medianas empresas cDouglas T. Hicks aPrimera edición a297 páginas c21 cm14aContabilidad de costos2LEMB14aToma de decisiones2LEMB14aMicroempresasxCostos2LEMB aMéxicobAlfaomegac1998 atextobtxt2rdacontent asin mediaciónbn2rdamedia avolumenbnc2rdacarrier aCO-BoRNBPbspaerdacCO-BoRNBP